"Roman" and "Italian" Things - Statistics

General Stats
  • This quiz has been taken 28 times
    27 since last reset
  • The average score is 12 of 22
Answer Stats
Hint Answer % Correct
Roman Numbering system of Ancient Rome and the Super Bowl Roman numerals
92%
Roman Communal spaces for washing yourself and mingling in Ancient Rome Roman baths
80%
Roman The largest branch of Christianity which is led by the Pope Roman Catholic
80%
Roman French-Polish film director who won the academy award for The Pianist Roman Polanski
68%
Roman European high-monarchy of many constituent, mostly German states that existed until 1806 Holy Roman Empire
64%
Roman Firework in stick-shape that ejects sparkles Roman candle
64%
Roman 1953 romantic comedy with Audrey Hepburn and Gregory Peck riding a scooter in Rome Roman Holiday
64%
Roman Popular font Times New Roman
64%
Roman Olympic combat sport where the competitors wear red or blue uniforms Greco-Roman wrestling
56%
Italian Period of flourishing in art and science that began in the Middle Ages in Italy Italian Renaissance
56%
Roman Unusually durable building material that was used to build the Pantheon and other buildings of Ancient Rome Roman concrete
56%
Roman Snout with a prominent bridge that makes it look curved Roman nose
56%
Italian Region of coastal towns and resorts in northwest Italy Italian Riviera
52%
Italian The land area jutting to the Mediterranean from the southern Alps to Sicily Italian peninsula
48%
Roman Ring name of a WWE wrestling champion Roman Reigns
48%
Italian Heist film starring Michael Caine (1969) or its remake starring Mark Wahlberg (2003) The Italian Job
48%
Italian Nickname of Rocky Balboa The Italian Stallion
48%
Italian Formula 1 racing competition in Monza, Italy Italian Grand Prix
44%
Italian Frozen dessert similar to sorbet Italian ice
44%
Italian Designation for U.S. citizens whose ancestors came from Italy Italian-Americans
40%
Roman Russian oligarch who used to own Chelsea football club Roman Abramovich
40%
Italian Colony of Fascist Italy that included Eritrea, Somaliland and parts of Ethiopia Italian East Africa
16%
No matching quizzes found
Score Distribution
Percent of People with Each Score
Percentile by Number Answered
Your Score History
You have not taken this quiz since the last reset